| 000 | 01163nam0a22003011 4500 | ||
|---|---|---|---|
| 001 | v19\rc\1406030 | ||
| 005 | 20260607072909.0 | ||
| 035 | _a(NLR Aleph) 005222874 | ||
| 090 |
_a5523651 _c5523651 |
||
| 100 | _a20060512d1875 |||y0rusy50 ca | ||
| 101 | 0 | _arus | |
| 102 | _aRU | ||
| 105 | _ay z ||||| | ||
| 200 | 1 |
_aФелица, ода Державина _f[Преп. рус. яз. А. Незеленов] |
|
| 210 |
_aСанкт-Петербург _cЛит. А. Ильина _d1875 |
||
| 215 |
_a6 с. _d22 |
||
| 300 | _aАвт. указан в конце текста | ||
| 309 | _aБез тит. л. и обл. | ||
| 309 | _aНаписано от руки. Литогр. | ||
| 700 | 1 |
_7ca _8rus _aНезеленов _bА. И. _f1845-1896 _gАлександр Ильич _968145 _3RU\NLR\AUTH\7785217 |
|
| 702 | 1 |
_4570 _8rus _7ca _aДержавин _bГ. Р. _f1743-1816 _gГаврила Романович _3RU\NLR\AUTH\773473 _9113469 |
|
| 801 | 0 |
_aRU _bNLR _c20060512 _gpsbo |
|
| 801 | 0 |
_aRU _bRuMoRGB _c20060512 _2psbo |
|
| 801 | 1 |
_aRU _bProSoft-M _c20060512 _2rusmarc |
|
| 801 | 2 |
_aRU _bNLR _c20101102 _2rusmarc |
|
| 852 |
_aNLR _j18.108.7.436 |
||
| 942 | _cBOOK | ||
| 980 | _aNB | ||